000 00336nam a22001337a 4500
008 170216b xxu||||| |||| 00| 0 eng d
020 _a9780323044288
041 _aeng
080 _23RD
_a61
100 _a4
101 _aSHM
245 _aADVANCED HEALTH ASSESSMENT AND CLINICAL DIAGNOSIS IN PRIMARY CARE
_cDAINS, J.E
942 _2udc
_cBK
999 _c5617
_d5617